000 00897nam a2200241 i 4500
001 67598
003 ES-MaACL
005 20250902093315.0
007 t|
008 040607s1991 sp |||| | spa d
020 _a84-404-9441-6
080 _a061.235(464.1 M.)(091)
100 1 _aGarcía Brocara, José Luis.
_954294
245 1 3 _aLa Real Sociedad Económica Matritense de Amigos del País
_b: (páginas de una gloriosa historia), con apuntes biográficos de sus presidentes /
_cJosé Luis García Brocara.
250 _a2ª ed. no venal.
260 _aMadrid :
_bReal Sociedad,
_c1991.
300 _aVIII, 90 p. :
_bil. ;
_c22 cm.
504 _aBibliografía.
610 2 7 _aReal Sociedad Económica Matritense de Amigos del País-
_vHistoria.
_96390
710 2 _aReal Sociedad Económica de Amigos del País (Madrid)
_96383
852 _aES-MaACL
_jL-27842
999 _c67598
_d67598